000 00310nam a22001337a 4500
020 _a817826153-7
082 _a823
_bHUG/H
100 _aVICTOR HUGO
245 _aTHE HUNCH BACK OF NOTRE-DAME
260 _aDELHI
_bROHAN BOOK COMPANY
_c2003
300 _a192
650 _aMODERN ILLUSTRATED CLASSICS
942 _cBK
999 _c388
_d388